000
00293nam a2200121 a 4500
005
20140414131922.0
008
101022s19uu xx 00 eng d
050
_a
ER
_b
Sl2 2005
245
_a
Sleeping beauty.
260
_b
Disney.
440
_a
All-time favorite fairy tales
999
_c
111796
_d
111796